| 000 | 00372cam a2200145ua 4500 | ||
|---|---|---|---|
| 041 |
_aeng _h |
||
| 082 |
_a828.09 _bTIL/ES |
||
| 100 | _aTillyard, E.M.W . | ||
| 245 |
_aEssays Literary and Educational / _cE.M.W.Tillyard. _hTextual Documents |
||
| 260 |
_aLondon : _bChatto and Windus , _c1962. |
||
| 300 | _a223 ; . | ||
| 504 | _a | ||
| 942 | _cBK | ||
| 999 |
_c11757 _d11757 |
||